Pia Andersen (Record no. 542)

MARC details
000 -LEADER
campo de control de longitud fija 00458nam a22001457a 4500
008 - DATOS DE LONGITUD FIJA--INFORMACIÓN GENERAL
campo de control de longitud fija 150424b xxu||||| |||| 00| 0 eng d
020 ## - NÚMERO INTERNACIONAL ESTÁNDAR DEL LIBRO
Número Internacional Estándar del Libro 8798125338
082 ## - NÚMERO DE LA CLASIFICACIÓN DECIMAL DEWEY
Número de clasificación 708
Número de ítem A 544p
100 ## - ENTRADA PRINCIPAL--NOMBRE DE PERSONA
Nombre de persona Weirup, Torben
9 (RLIN) 2489
245 ## - MENCIÓN DEL TÍTULO
Título Pia Andersen
Resto del título Paysages
260 ## - PUBLICACIÓN, DISTRIBUCIÓN, ETC.
Lugar de publicación, distribución, etc. Dinamarca
Nombre del editor, distribuidor, etc. Pia Andersen and Galerie Moderne
Fecha de publicación, distribución, etc. 1997
300 ## - DESCRIPCIÓN FÍSICA
Extensión 46 p.
Otras características físicas ill. (col)
Dimensiones 21x27 cm
650 ## - PUNTO DE ACCESO ADICIONAL DE MATERIA--TÉRMINO DE MATERIA
Subdivisión general Arte
-- Arte contemporaneo
-- Andersen Pía
-- Exhibiciones
9 (RLIN) 2490
700 ## - ENTRADA AGREGADA--NOMBRE PERSONAL
Nombre de persona Weirup, Torben
9 (RLIN) 2491
Holdings
Estatus retirado Estado de pérdida Fuente del sistema de clasificación o colocación Estado de daño No para préstamo Biblioteca de origen Biblioteca actual Ubicación en estantería Fecha de adquisición Total de préstamos Signatura topográfica completa Código de barras Visto por última vez Precio de reemplazo Tipo de ítem Koha
    Clasificación Decimal Dewey     Biblioteca LadoV Biblioteca LadoV   24/04/2015   708 A 544p 000567 24/04/2015 24/04/2015 Material 01